<?xml version="1.0" encoding="UTF-8"?>
<record
    xmlns:xsi="http://www.w3.org/2001/XMLSchema-instance"
    xsi:schemaLocation="http://www.loc.gov/MARC21/slim http://www.loc.gov/standards/marcxml/schema/MARC21slim.xsd"
    xmlns="http://www.loc.gov/MARC21/slim">

  <leader>06845nam a2200385   4500</leader>
  <datafield tag="700" ind1=" " ind2="0">
    <subfield code="a">Artidiello Moreno, Santiago de Jes&#xFA;s</subfield>
    <subfield code="e">asesor</subfield>
    <subfield code="9">89610</subfield>
  </datafield>
  <datafield tag="999" ind1=" " ind2=" ">
    <subfield code="c">14618</subfield>
    <subfield code="d">14618</subfield>
  </datafield>
  <controlfield tag="001">57250</controlfield>
  <controlfield tag="003">Biblioteca APEC</controlfield>
  <controlfield tag="005">20251014134042.0</controlfield>
  <controlfield tag="008">220716b2021    dr ||||| |||| 00| 0 spa d</controlfield>
  <datafield tag="040" ind1=" " ind2=" ">
    <subfield code="a">Biblioteca UNAPEC</subfield>
    <subfield code="b">spa</subfield>
    <subfield code="c">Biblioteca APEC</subfield>
    <subfield code="e">rda</subfield>
  </datafield>
  <datafield tag="041" ind1=" " ind2=" ">
    <subfield code="a">spa</subfield>
  </datafield>
  <datafield tag="090" ind1=" " ind2=" ">
    <subfield code="a">TPG-CI MAS-02 2021</subfield>
  </datafield>
  <datafield tag="100" ind1="1" ind2="0">
    <subfield code="a">Belliard Polanco, Henry Euripides</subfield>
    <subfield code="e">autor</subfield>
    <subfield code="9">106592</subfield>
  </datafield>
  <datafield tag="245" ind1="1" ind2="0">
    <subfield code="a">Implementaci&#xF3;n de estrategias con el uso del geogebra en el desarrollo de competencias tecnol&#xF3;gicas para la ense&#xF1;anza-aprendizaje de las funciones exponenciales de base natural y sus aplicaciones para los estudiantes de 6to. grado del nivel secundario segundo ciclo, Centro Educativo Saint Lawrence Community School, Santo Domingo Este /</subfield>
    <subfield code="c">Henry Euripides Belliard Polanco ; asesor: Santiago de Jes&#xFA;s Artidiello Moreno</subfield>
  </datafield>
  <datafield tag="260" ind1=" " ind2=" ">
    <subfield code="a">Santo Domingo :</subfield>
    <subfield code="b">Universidad APEC,</subfield>
    <subfield code="c">2021</subfield>
  </datafield>
  <datafield tag="300" ind1=" " ind2=" ">
    <subfield code="a">67 hojas :</subfield>
    <subfield code="b">ilustraciones, gr&#xE1;ficas ;</subfield>
    <subfield code="e">+ 1 CD ROM</subfield>
  </datafield>
  <datafield tag="500" ind1=" " ind2=" ">
    <subfield code="a">Tesis en Formato PDF.
Tesis en Formato Electr&#xF3;nico.
Tesis en Formato Digital.</subfield>
  </datafield>
  <datafield tag="502" ind1=" " ind2=" ">
    <subfield code="a">Tesis (Maestr&#xED;a en Matem&#xE1;tica Superior) - Universidad APEC, 2021</subfield>
  </datafield>
  <datafield tag="504" ind1=" " ind2=" ">
    <subfield code="a">Incluye referencias bibliogr&#xE1;ficas e &#xED;ndice</subfield>
  </datafield>
  <datafield tag="505" ind1=" " ind2=" ">
    <subfield code="a">&#x2022;	INTRODUCCI&#xD3;N -- 1
&#x2022;	CAP&#xCD;TULO I -- 12
&#x2022;	LAS ESTRATEGIAS DE ENSE&#xD1;ANZA &#x2013; APRENDIZAJE Y LAS DIFERENTES CORRIENTES PEDAG&#xD3;GICAS -- 12
&#x2022;	1.1. Evoluci&#xF3;n hist&#xF3;rica de las corrientes pedag&#xF3;gicas-- 12
&#x2022;	1.1.1. La Teor&#xED;a Conductista -- 14
&#x2022;	1.1.2. Teor&#xED;a Cognitivista -- 15
&#x2022;	1.1.3. La Teor&#xED;a Constructivista -- 20
&#x2022;	1.2. Las Estrategias de Ense&#xF1;anza-aprendizaje (EA) -- 27
&#x2022;	1.3. Conclusi&#xF3;n del cap&#xED;tulo I -- 28
&#x2022;	CAP&#xCD;TULO II -- 29
&#x2022;	IMPORTANCIA DEL PROCESO ENSE&#xD1;ANZA-APRENDIZAJE POR COMPETENCIAS EN MATEM&#xC1;TICA -- 29
&#x2022;	2.1 Proceso ense&#xF1;anza-aprendizaje de las matem&#xE1;ticas -- 30
&#x2022;	2.1.1 Componentes del proceso ense&#xF1;anza &#x2013; aprendizaje -- 31
&#x2022;	2.2 An&#xE1;lisis de los procesos ense&#xF1;anza - aprendizaje del dise&#xF1;o y evaluaci&#xF3;n por competencia de las funciones exponenciales de base natural en estudiantes de sexto grado de secundaria -- 35
&#x2022;	2.3 Conclusi&#xF3;n del Cap&#xED;tulo II -- 40
&#x2022;	CAP&#xCD;TULO III -- 41
&#x2022;	METODOLOG&#xCD;A PARA EL DESARROLLO DEL DISE&#xD1;O POR COMPETENCIAS DE LAS FUNCIONES EXPONENCIALES DE BASE NATURAL -- 41
&#x2022;	3.1 Diagn&#xF3;stico de la situaci&#xF3;n actual del proceso de ense&#xF1;anza- aprendizaje del dise&#xF1;o y evaluaci&#xF3;n por competencias de funciones exponenciales de base natural para estudiantes de 6to grado de secundaria -- 42
&#x2022;	3.2 Metodolog&#xED;a para la aplicaci&#xF3;n del proceso de ense&#xF1;anza &#x2013; aprendizaje de las funciones exponenciales de base natural seg&#xFA;n el enfoque por competencias -- 43
&#x2022;	3.2.1 Fundamentos te&#xF3;ricos que sustentan el aprendizaje metodol&#xF3;gico por competencia de las ecuaciones exponenciales de base natural -- 44
&#x2022;	3.2.2 Fundamentos te&#xF3;ricos que sustentan el uso de GeoGebra como herramienta tecnol&#xF3;gica para la ense&#xF1;anza y aprendizaje de las ecuaciones exponenciales -- 44
&#x2022;	3.3 Propuesta de estrategia pedag&#xF3;gica por competencias para la ense&#xF1;anza de las funciones exponenciales de base natural utilizando el software GeoGebra -- 46
&#x2022;	3.4 Conclusi&#xF3;n para el Cap&#xED;tulo III-- 61
&#x2022;	CONCLUSIONES -- 63
&#x2022;	ANEXOS -- 68
&#x2022;	Anexo 1 -- 68
&#x2022;	Programa de la Asignatura -- 68
&#x2022;	&#xC1;rea de Matem&#xE1;tica Nivel Secundario 6to Grado -- 68
&#x2022;	P&#xE1;g. 463 dise&#xF1;o curricular segundo ciclo nivel secundario MINERD- 2018 -- 70
&#x2022;	Anexo 2 -- 71
&#x2022;	Planificaci&#xF3;n de la unidad a trabajada en la clase -- 71
&#x2022;	Anexo 3 -- 75
&#x2022;	Ficha de observaci&#xF3;n de los docentes en clases -- 75
&#x2022;	Anexo 4 -- 77
&#x2022;	Entrevista dirigida a maestros de matem&#xE1;tica del Saint Lawrence Community School -- 77
&#x2022;	Anexo 5 -- 78
&#x2022;	Encuesta realizada a los docentes del &#xE1;rea de matem&#xE1;tica del Saint Lawrence Community School en relaci&#xF3;n al tema de las funciones exponenciales de base natural -- 78
&#x2022;	Anexo 6 -- 80
&#x2022;	Encuesta dirigida a los estudiantes relacionada al tema de las funciones exponenciales de base natural -- 80
&#x2022;	Anexo 7 -- 83
&#x2022;	Prueba diagn&#xF3;stica para evaluar estudiantes de 6to grado de secundaria del Saint Lawrence Community School -- 83
&#x2022;	Anexo 8 -- 85
&#x2022;	Examen de matem&#xE1;tica 6to grado secundaria segundo ciclo Saint Lawrence Community School -- 85
&#x2022;	Anexo 9 -- 86
Evaluaci&#xF3;n de clase de matem&#xE1;tica de funci&#xF3;n exponencial natural del Saint Lawrence Community School -- 86</subfield>
  </datafield>
  <datafield tag="520" ind1=" " ind2=" ">
    <subfield code="a">En la presente investigaci&#xF3;n se tiene el prop&#xF3;sito de desarrollar una propuesta para la implementaci&#xF3;n de estrategias utilizando el software GeoGebra para las clases de matem&#xE1;tica en el desarrollo de competencias tecnol&#xF3;gicas durante el proceso de ense&#xF1;anza-aprendizaje de funciones exponenciales de base natural. Se sugiere una serie de actividades estructuradas con el objetivo de lograr una mayor comprensi&#xF3;n por parte de los estudiantes utilizando herramientas tecnol&#xF3;gicas para analizar y resolver problemas de la vida cotidiana. Mediante el uso de las mismas mientras se fomenta la participaci&#xF3;n activa de los participantes, el trabajo colaborativo y el uso responsable de la tecnolog&#xED;a. Durante este proceso, los estudiantes de educaci&#xF3;n secundaria lograran, en mayor grado, alcanzar las competencias que est&#xE1;n definidas para el perfil del egresado en lo referente a la matem&#xE1;tica preuniversitaria. Se presenta las competencias del docente que deber&#xE1; actuar como dise&#xF1;ador de las actividades a ser aplicadas durante el proceso de ense&#xF1;anza - aprendizaje y quien adem&#xE1;s ser&#xE1; el moderador del mismo. Dichas actividades estar&#xE1;n sujetas a las reglas establecidas en el dise&#xF1;o curricular correspondiente al 6to grado del nivel secundario segundo ciclo del ministerio de educaci&#xF3;n de la Rep&#xFA;blica Dominicana. Para los fines mostraremos los contenidos requeridos y daremos ejemplos de posibles aplicaciones en las que puede ser &#xFA;til el uso de las ecuaciones exponenciales de base natural durante la soluci&#xF3;n de un problema. Finalmente se estar&#xE1; facilitando un plan de clases que podr&#xE1; usarse como modelo, que puede servir como gu&#xED;a para el dise&#xF1;o de las clases futuras.</subfield>
  </datafield>
  <datafield tag="650" ind1=" " ind2="7">
    <subfield code="2">lemb</subfield>
    <subfield code="a">Matem&#xE1;ticas</subfield>
    <subfield code="x">Ense&#xF1;anza</subfield>
    <subfield code="9">106872</subfield>
  </datafield>
  <datafield tag="650" ind1=" " ind2="7">
    <subfield code="2">lemb</subfield>
    <subfield code="a">Matem&#xE1;ticas</subfield>
    <subfield code="x">Ense&#xF1;anza con ayuda de computadores</subfield>
    <subfield code="9">38761</subfield>
  </datafield>
  <datafield tag="650" ind1=" " ind2="7">
    <subfield code="2">lemb</subfield>
    <subfield code="a">Matem&#xE1;ticas</subfield>
    <subfield code="v">Programa para computador</subfield>
    <subfield code="9">106873</subfield>
  </datafield>
  <datafield tag="650" ind1=" " ind2="7">
    <subfield code="2">lemb</subfield>
    <subfield code="a">Funciones exponenciales</subfield>
    <subfield code="x">Ense&#xF1;anza</subfield>
    <subfield code="9">106874</subfield>
  </datafield>
  <datafield tag="653" ind1=" " ind2=" ">
    <subfield code="a">GeoGebra (Programa para computador)</subfield>
  </datafield>
  <datafield tag="856" ind1=" " ind2=" ">
    <subfield code="u">https://bibliotecaunapec.blob.core.windows.net/tesis/TPG_CI_MAS_02_2021_ET220086.pdf</subfield>
    <subfield code="y">Hacer clic para ver el&#xA0;PDF&#xA0;(2.89 MB). Trabajo de posgrado</subfield>
  </datafield>
  <datafield tag="912" ind1=" " ind2=" ">
    <subfield code="a">AJRP</subfield>
    <subfield code="b">AJIM</subfield>
  </datafield>
  <datafield tag="942" ind1=" " ind2=" ">
    <subfield code="2">ddc</subfield>
    <subfield code="c">TES</subfield>
  </datafield>
  <datafield tag="336" ind1=" " ind2=" ">
    <subfield code="a">Texto</subfield>
    <subfield code="b">txt</subfield>
    <subfield code="2">rdacontent</subfield>
  </datafield>
  <datafield tag="337" ind1=" " ind2=" ">
    <subfield code="a">sin mediaci&#xF3;n</subfield>
    <subfield code="b">n</subfield>
    <subfield code="2">rdamedia</subfield>
  </datafield>
  <datafield tag="338" ind1=" " ind2=" ">
    <subfield code="a">volumen</subfield>
    <subfield code="b">nc</subfield>
    <subfield code="2">rdacarrier</subfield>
  </datafield>
  <datafield tag="072" ind1=" " ind2=" ">
    <subfield code="a">Facultad de Humanidades</subfield>
  </datafield>
</record>
